লোডিং...

മനശ്ശാന്തി ജീവിതവിജയം ഉപനിഷത്തുകളിലൂടെ /

গ্রন্থ-পঞ্জীর বিবরন
প্রধান লেখক: രാമകൃഷ്ണന്‍, ഇറഞ്ഞാല്‍
অন্যান্য লেখক: Ramakrishnan,Iranjal
বিন্যাস: Printed Book
ভাষা:English
প্রকাশিত: കോട്ടയം : 1999.
সংস্করন:1st ed.
বিষয়গুলি:
LEADER 00823nam a22001817a 4500
008 170808b xxu||||| |||| 00| 0 eng d
999 |c 19892  |d 19892 
082 |a U 294.59218  |b RAM 
100 |a രാമകൃഷ്ണന്‍, ഇറഞ്ഞാല്‍ 
240 |a Manasanthi jeevitha vijayam upanishathukaliloode 
245 |a മനശ്ശാന്തി ജീവിതവിജയം ഉപനിഷത്തുകളിലൂടെ /  |c ഇറഞ്ഞാല്‍ രാമകൃഷ്ണന്‍ 
250 |a 1st ed. 
260 |a കോട്ടയം :  |c 1999. 
300 |a 386p. 
650 |a Upanishath 
700 |a Ramakrishnan,Iranjal  
942 |2 ddc  |c REF 
952 |0 0  |1 0  |2 ddc  |4 0  |5 1  |6 U_294_592180000000000_RAM  |7 0  |9 27596  |a MAIN  |b MAIN  |d 2017-08-08  |e Gift  |g 145.00  |o U 294.59218 RAM  |p 26059  |r 2017-08-08  |t 1  |w 2017-08-08  |y REF